000 00440nam a2200181Ia 4500
001 14672
005 20260306164931.0
008 260306t2014||||xx |||||||||||||| ||spa||
041 _aESP
082 _a515.45
_bO63
100 _aOrdóñez, Pablo Martín
_eAUT
245 0 _aProblemas de cálculo para ingenieros
260 _c2014
300 _a363 páginas :
_c24 cm.
650 _aGEN
654 _aCMA
942 _cLIB
_dJUS
_fJUS
_2ddc
_n
999 _c14672
_d14672